| 000 | 00792nam a2200241 a 4500 | ||
|---|---|---|---|
| 005 | 20230323063510.0 | ||
| 008 | 020628s1989 mx r 000 0 spa d | ||
| 020 | _a9688404853 | ||
| 035 | _aUPN01000117941 | ||
| 049 | _aCG | ||
| 050 | 4 |
_aJL1231 _bF4.6 1989 |
|
| 100 | 1 |
_aFernández Santillán, José Florencio, _d1953- _940302 |
|
| 245 | 1 | 0 |
_aPolítica y administración pública en México / _cJosé Fernández Santillán. |
| 250 | _a2a ed. | ||
| 260 |
_aMéxico : _bUAM-Azcapotzalco, _c1989. |
||
| 300 | _a150 p. | ||
| 440 | 0 | _aEnsayos | |
| 590 | _a(También localizas un ejemplar en el "Area de Reserva") | ||
| 590 | _aBibliografía Básica (BGTQ) | ||
| 650 | 4 |
_aADMINISTRACION PUBLICA - _zMEXICO _9243 |
|
| 651 | 4 |
_aMéxico _xPolítica y gobierno _ySiglo XX _94442 |
|
| 905 | _aLibro | ||
| 999 |
_c90346 _d90346 |
||